Statistiken für Zahlenfolge 2

Klicken Sie hier um das Quiz zu spielen!

Allgemein

  • Dieses Quiz wurde 90 mal gespielt
  • Das Durchschnittsergebnis liegt bei 6 aus 10

Antwortstatistiken

Zahlenfolgefolgende Zahl% Korrekt
45,15,30,10,20
96%
100,80,40,-20
96%
5,50,500,5000
91%
18,9,12,6,9
63%
8,4,12,20,10,30
51%
2,7,21,26,78
47%
6,2,10,5,14,8
43%
6,2,12,6,24,18,48
40%
16,10,26,20,46
37%
1,3,4,12,16,192
20%

Verteilung der Resultate

Perzentil nach korrekt beantworteten Fragen

Anzahl Personen mit jedem Resultat

Ihre Resultats-Entwicklung

Sie haben dieses Quiz noch nicht gespielt